Daivathinte Kannu/ (Record no. 52683)

000 -LEADER
fixed length control field 00369nam a22001577a 4500
020 ## - INTERNATIONAL STANDARD BOOK NUMBER
ISBN 81-7130-807-4
082 ## - DEWEY DECIMAL CLASSIFICATION NUMBER
Classification number M3
Item number MUH/D
100 ## - MAIN ENTRY--AUTHOR NAME
Personal name Muhammed N P
245 ## - TITLE STATEMENT
Title Daivathinte Kannu/
Statement of responsibility, etc by Muhammed N P
260 ## - PUBLICATION, DISTRIBUTION, ETC. (IMPRINT)
Place of publication Kottayam:
Name of publisher D C,
Year of publication 2014.
300 ## - PHYSICAL DESCRIPTION
Number of Pages 143p.
650 ## - SUBJECT ADDED ENTRY--TOPICAL TERM
Topical Term Novel Malayalam
650 ## - SUBJECT ADDED ENTRY--TOPICAL TERM
Topical Term Literature Malayalam
650 ## - SUBJECT ADDED ENTRY--TOPICAL TERM
Topical Term Literature
942 ## - ADDED ENTRY ELEMENTS (KOHA)
Koha item type Book
Holdings
Withdrawn status Lost status Damaged status Not for loan Permanent Location Current Location Shelving location Date acquired Cost, normal purchase price Full call number Accession Number Price effective from Koha item type
        Sree Sankaracharya University of Sanskrit Sree Sankaracharya University of Sanskrit Stacks 05.05.2015 110.00 M3 MUH/D 075561 05.05.2015 Book